|
|
|
|
| LEADER |
00000nam a2200000 a 4500 |
| 001 |
UCT4339 |
| 003 |
CL-VaPUC |
| 008 |
961108e19640000AG |||||||||||||||||spa|d |
| 082 |
0 |
4 |
|a 200.19
|b ZIL
|2 21
|
| 100 |
0 |
|
|a Zilboorg, Gregory
|e author
|9 373617
|
| 245 |
1 |
0 |
|a Psicoanálisis y religión
|
| 300 |
|
|
|a 217 p
|
| 942 |
|
|
|c BK
|
| 945 |
|
|
|d 19961108 00:00:00
|a aalvarez
|
| 260 |
|
|
|a Buenos Aires
|b Troquel
|c 1964
|
| 650 |
|
7 |
|a PSICOANALISIS Y RELIGION
|2 CL-VaPUC
|9 269165
|
| 583 |
|
|
|a last modification
|c 19961108 00:00:00
|k Rodrigo Vera
|
| 999 |
|
|
|c 253739
|d 253737
|
| 952 |
|
|
|0 0
|1 2
|4 0
|6 200_190000000000000_ZIL_1964
|7 0
|8 A
|9 274800
|a BIBTEO
|b BIBTEO
|d 2019-11-19
|i 2023296
|o 200.19 ZIL 1964
|p 2023296
|r 2019-11-19
|w 2019-11-19
|x Descarte 2019
|y BK
|k ICR
|